| 000 | 00656nam a2200229Ia 4500 | ||
|---|---|---|---|
| 003 | OSt | ||
| 005 | 20230405163246.0 | ||
| 008 | 210423s2008 xx 000 0 und d | ||
| 020 | _a9782461089 | ||
| 040 | _cAL | ||
| 041 | _aeng | ||
| 082 |
_a150.09 _223 _bLAWR |
||
| 100 |
_aLAWSON (Robert B);others _983885 |
||
| 245 | _aHistory of psychology: globalization ideas and applications | ||
| 260 |
_aNew Delhi _bPHI Learning Pvt Ltd _c2008 |
||
| 300 |
_axxix,498 _bPB |
||
| 365 |
_b375 _cINR |
||
| 650 |
_aPhilosophy _983886 |
||
| 650 |
_aPsychology _983887 |
||
| 906 | _aapplications. ; globalization ; History ; ideas ; psychology | ||
| 942 |
_2ddc _cBK |
||
| 999 |
_c156948 _d156948 |
||